000 00520nam a2200205Ia 4500
003 OSt
005 20220926045011.0
006 a|||||r|||| 00| 0
007 ta
008 220923b |||||||| |||| 00| 0 eng d
037 _cGeneral Book
040 _aRTL
_cRTL
_beng
041 _2eng
_aeng
082 _aY758, L2
100 _aMatthews Meriyn
_9349721
245 0 _aClass And Society in Soviet Russia
260 _c1972
942 _hY758, L2
_cGB
_2CC
999 _c676425
_d676425